The Pitt review (Record no. 108388)
[ view plain ]
| 000 -LEADER | |
|---|---|
| fixed length control field | 02000cad a22002415a 4500 |
| 001 - CONTROL NUMBER | |
| control field | L144150 |
| 008 - FIXED-LENGTH DATA ELEMENTS--GENERAL INFORMATION | |
| fixed length control field | 080625s2008 xxk f f000 0 eng d |
| 035 ## - SYSTEM CONTROL NUMBER | |
| System control number | (Sirsi) u144150 |
| 041 0# - LANGUAGE CODE | |
| Language code of text/sound track or separate title | eng |
| 050 04 - LIBRARY OF CONGRESS CALL NUMBER | |
| Classification number | 711.26 $2 18 |
| 100 1# - MAIN ENTRY--PERSONAL NAME | |
| Personal name | Pitt, Michael |
| Titles and words associated with a name | Sir |
| 245 04 - TITLE STATEMENT | |
| Title | The Pitt review |
| Remainder of title | learning the lessons of the 2007 floods |
| Medium | [electronic resource] |
| 260 ## - PUBLICATION, DISTRIBUTION, ETC. | |
| Place of publication, distribution, etc. | London |
| Name of publisher, distributor, etc. | Cabinet Office |
| Date of publication, distribution, etc. | 2008 |
| 505 2# - FORMATTED CONTENTS NOTE | |
| Formatted contents note | Foreword -- Executive summary -- Context -- Knowing when and where it will flood -- Improved planning and reducing the risk of flooding and its impact -- Being rescued and cared for in an emergency -- Maintaining power and water supplies and protecting essential services -- Better advice and helping people to protect their families and homes -- Recovery -- Oversight, delivery and next steps -- Annexes |
| 520 ## - SUMMARY, ETC. | |
| Summary, etc. | Final report of Sir Michael Pitt's independent review of the flooding emergency of June/July 2007. The report calls for drastic changes in the way the country is adapting to the increased risk of flooding. It calls on the Government to set out publicly how it will make rapid progress, and be held to account, on improving the country's flood resilience. Recommends the UK Government should: establish a Cabinet Committee dedicated to tackling the risk of flooding; publish monthly progress reports; ensure proper resourcing of flood resilience measures; establish a National Resilience Forum to facilitate national level planning; set up pre-planned, rather than ad hoc, financial arrangements for exceptional emergencies; publish an action plan. |
| 521 20 - TARGET AUDIENCE NOTE | |
| Target audience note | Advanced |
| 590 ## - LOCAL NOTE (RLIN) | |
| Local note | KA NTK |
| 650 24 - SUBJECT ADDED ENTRY--TOPICAL TERM | |
| Topical term or geographic name entry element | PITT REVIEW |
| 651 #4 - SUBJECT ADDED ENTRY--GEOGRAPHIC NAME | |
| Geographic name | United Kingdom |
| Chronological subdivision | |
| 690 ## - LOCAL SUBJECT ADDED ENTRY--TOPICAL TERM (OCLC, RLIN) | |
| Topical term or geographic name as entry element | ENVIRONMENTAL AND LAND CONSULTANCY-WATER RESOURCE MANAGEMENT-FLOODING |
| 856 40 - ELECTRONIC LOCATION AND ACCESS | |
| Uniform Resource Identifier | <a href="https://webarchive.nationalarchives.gov.uk/20100807034701/http://archive.cabinetoffice.gov.uk/pittreview/thepittreview/final_report.html/">https://webarchive.nationalarchives.gov.uk/20100807034701/http://archive.cabinetoffice.gov.uk/pittreview/thepittreview/final_report.html/</a> |
| Public note | View this item free of charge at National Archive website. |
| 942 ## - ADDED ENTRY ELEMENTS (KOHA) | |
| Suppress in OPAC | 0 |
| Withdrawn status | Lost status | Source of classification or shelving scheme | Damaged status | Not for loan | Home library | Current library | Shelving location | Date acquired | Total Checkouts | Full call number | Barcode | Date last seen | Copy number | Price effective from | Koha item type |
|---|---|---|---|---|---|---|---|---|---|---|---|---|---|---|---|
| Dewey Decimal Classification | Virtual | Virtual | Online | 25/06/2008 | ONLINE PUBLICATION | 144150-1001 | 06/08/2019 | 1 | 06/08/2019 | Book |